000 00252nam a22001217a 4500
082 _a474
_bJOH/P
100 _aJOHARI APOORVA VIRMANI
245 _aPANCHATHANTRA
260 _aDELHI
_bRAJPAL
300 _a16
650 _aSTORY HINDI
_zDELHI
942 _cBK
999 _c4897
_d4897